[Event "RUS-ch Men Blitz 2019"]
[Site "Sochi"]
[Date "2019.10.17"]
[Round "6.4"]
[White "Pridorozhni, Aleksei"]
[Black "Triapishko, Alexandr"]
[Result "1/2-1/2"]
[WhiteElo "2599"]
[BlackElo "2514"]
[Annotator "TA"]
[PlyCount "80"]
[EventDate "2019.10.17"]
[EventType "swiss"]
[EventCountry "RUS"]
[SourceTitle "playchess.com"]
[Source "ChessBase"]
[SourceQuality "1"]

{[%evp 15,80,0,0,0,0,0,0,0,0,0,12,0,12,0,0,0,16,19,12,22,18,0,20,-7,14,0,0,0,0,-15,-23,-23,-8,-6,-8,-10,-6,-15,-7,-12,2,-18,0,0,-2,-11,-16,-13,0,0,172,0,0,0,30,0,0,0,15,-29,0,0,0,0,0,0,0]} 1. e4 c6 2. Nc3 d5 3. Nf3 Bg4 4. h3 Bxf3 5. Qxf3 Nf6 6. d3 e6 7. a3 Nbd7 8. g3 Bc5 9. Bg2 {B11: Caro-Kann: Two Knights Variation} O-O 10. O-O a5 (10... b5 11. Qd1 Qb6 12. Qe2 a5 13. Kh1 d4 14. Nb1 e5 {0-1 (47) Vallejo Pons,F (2693)-Anand,V (2774) Karlsruhe/Baden Baden 2019}) 11. Qe2 Qc7 12. Kh2 dxe4 13. dxe4 Bd4 14. Nd1 {[%cal Bc3d1,Bd1e3,Be3c4,Bc4d2,Bd2f3][%mdl 32]} e5 15. Ne3 $146 ({Predecessor:} 15. h4 Rfe8 16. a4 Nf8 {½-½ (46) Lamoureux,C (2379)-Simeonidis,I (2261) Antalya 2006}) 15... g6 16. Nc4 b5 17. Nd2 a4 18. Nf3 Bc5 19. Bh6 Rfd8 20. Rad1 Bf8 21. Bc1 Nc5 22. Nh4 Rxd1 23. Rxd1 Rd8 24. Rxd8 Qxd8 25. Nf3 Qd6 ({Much worse is} 25... Ncxe4 $6 26. Nxe5 Qd5 27. Ng4 $16) 26. Ne1 Ne6 27. Be3 Nc5 28. Bg5 h6 29. Bc1 Ne6 30. Nd3 Nd4 31. Qd1 Nd7 32. f4 Qe6 $2 {[#]} (32... c5 $11 {and Black stays safe.}) 33. Be3 $2 ({White has to play} 33. Nxe5 $18 Nxe5 34. Qxd4) 33... c5 $11 34. c3 Nb3 35. Qf1 c4 36. Nb4 Bc5 37. Bxc5 Ndxc5 38. f5 {The position is equal.} Qd6 39. Nd5 Kg7 40. Qf2 Nc1 {Accuracy: White = 51%, Black = 63%.} 1/2-1/2

[Event "RUS-ch Men Blitz 2019"]
[Site "Sochi"]
[Date "2019.10.17"]
[Round "6.5"]
[White "Lugovskoy, Maxim"]
[Black "Morozevich, Alexander"]
[Result "1-0"]
[WhiteElo "2436"]
[BlackElo "2659"]
[Annotator "TA"]
[PlyCount "62"]
[EventDate "2019.10.17"]
[EventType "swiss"]
[EventCountry "RUS"]
[SourceTitle "playchess.com"]
[Source "ChessBase"]
[SourceQuality "1"]

{[%evp 11,62,0,28,16,33,0,0,0,16,-19,-15,-57,-49,-57,-51,-60,-60,-62,-62,-62,-62,-62,-62,-62,-54,-59,-49,-74,-76,-84,-70,-76,-41,-90,-94,-122,-77,-204,-203,-248,-239,-425,-445,-1285,-1280,-1258,-1183,-2918,-1097,-1048,-1066,-1110,-1104]} 1. e4 e6 2. d4 d5 3. Nc3 Nf6 4. e5 Nfd7 5. f4 c5 6. Nf3 Qb6 7. Na4 {C11: French: Classical System: 4 e5 and 4 Bg5 dxe4} (7. Be3 a6 8. a3 Nc6 9. Na4 Qa5+ 10. c3 c4 11. Be2 Be7 12. O-O O-O 13. b4 cxb3 14. Qxb3 Qc7 15. Bd3 f5 16. exf6 Nxf6 {1-0 (45) Nepomniachtchi,I (2751)-Morozevich,A (2665) Moscow 2018}) 7... Qa5+ 8. Nc3 Nc6 9. Be3 {The position is equal.} Rb8 $146 ({Predecessor:} 9... Qb6 10. Nb1 {½-½ (12) Fedorchuk,S (2637)-Sumets,A (2577) Llucmajor 2018}) 10. Qd2 b5 {[%cal Bb7b5,Bb5b4][%mdl 32]} 11. Be2 b4 12. Nd1 Ba6 13. Nf2 Bxe2 14. Qxe2 cxd4 15. Nxd4 Nxd4 16. Bxd4 Bc5 17. Bxc5 Nxc5 18. O-O O-O 19. Rfd1 Rfc8 20. f5 exf5 21. Rxd5 Qc7 22. Rad1 Ne6 {...Nf4 is the strong threat.} 23. Rd7 Qa5 24. g4 (24. Qh5 $17 {only move.} g6 25. Qh4) 24... f4 $19 25. h4 Qxa2 26. Ne4 $2 (26. Nd3) 26... Qxb2 {[%mdl 64] [#] And now ...b3 would win. Double Attack. Black is clearly winning.} 27. Ng5 (27. R1d2 $142) 27... b3 28. Qd3 Qxc2 ({Worse is} 28... Nxg5 {[#]} 29. Rd8+ $1 {[%mdl 512]} Rxd8 30. Qxd8+ Rxd8 31. Rxd8#) 29. Qd6 Qc5+ 30. Qxc5 Nxc5 31. Rxa7 b2 {[%mdl 32768] Accuracy: White = 17%, Black = 67%. . Loss on time!?} 1-0

[Event "RUS-ch Men Blitz 2019"]
[Site "Sochi"]
[Date "2019.10.17"]
[Round "6.6"]
[White "Tsydypov, Zhamsaran"]
[Black "Papin, Vasily"]
[Result "1-0"]
[WhiteElo "2553"]
[BlackElo "2481"]
[Annotator "ChessBase"]
[PlyCount "49"]
[EventDate "2019.10.17"]
[EventType "swiss"]
[EventCountry "RUS"]
[SourceTitle "playchess.com"]
[Source "ChessBase"]
[SourceQuality "1"]
[TimeControl "180+2"]

1. e4 {[%emt 0:00:00]} c5 {[%emt 0:00:00]} 2. Nf3 {[%emt 0:00:00]} e6 {[%emt 0:00:00]} 3. b3 {[%emt 0:00:02]} b6 {[%emt 0:00:01]} 4. Bb2 {[%emt 0:00:01]} Bb7 {[%emt 0:00:01]} 5. Nc3 {[%emt 0:00:01]} Nc6 {[%emt 0:00:06]} 6. d4 {[%emt 0:00:03]} cxd4 {[%emt 0:00:08]} 7. Nxd4 {[%emt 0:00:01]} a6 {[%emt 0:00:22]} 8. Nxc6 {[%emt 0:00:11]} Bxc6 {[%emt 0:00:01]} 9. Bd3 {[%emt 0:00:00]} d6 {[%emt 0:00:18]} 10. Qe2 {[%emt 0:00:08]} b5 {[%emt 0:00:00]} 11. a4 {[%emt 0:00:22]} b4 {[%emt 0:00:05]} 12. Nd5 {[%emt 0:00:04]} a5 {[%emt 0:01:02]} 13. Bb5 {[%emt 0:00:09]} Ne7 {[%emt 0:00:12]} 14. Nxe7 {[%emt 0:00:05]} Bxb5 {[%emt 0:00:01]} 15. Qxb5+ {[%emt 0:00:03]} Kxe7 {[%emt 0:00:02]} 16. O-O-O {[%emt 0:00:17]} Qc7 {[%emt 0:00:00]} 17. Rd2 {[%emt 0:00:06]} f6 {[%emt 0:00:09]} 18. Rhd1 {[%emt 0:00:06]} Kf7 {[%emt 0:00:01]} 19. e5 {[%emt 0:00:00]} d5 {[%emt 0:00:03]} 20. Rxd5 {[%emt 0:00:01]} exd5 {[%emt 0:00:15]} 21. Qxd5+ {[%emt 0:00:02]} Kg6 {[%emt 0:00:01]} 22. Qxa8 {[%emt 0:00:07]} f5 {[%emt 0:00:08]} 23. Qe8+ {[%emt 0:00:35]} Kh6 {[%emt 0:00:06]} 24. Qe6+ {[%emt 0:00:05]} g6 {[%emt 0:00:03]} 25. Qf6 {[%emt 0:00:02]} 1-0

[Event "RUS-ch Men Blitz 2019"]
[Site "Sochi"]
[Date "2019.10.17"]
[Round "6.7"]
[White "Shimanov, Aleksandr"]
[Black "Vastrukhin, Oleg"]
[Result "1-0"]
[WhiteElo "2587"]
[BlackElo "2428"]
[Annotator "ChessBase"]
[PlyCount "71"]
[EventDate "2019.10.17"]
[EventType "swiss"]
[EventCountry "RUS"]
[SourceTitle "playchess.com"]
[Source "ChessBase"]
[SourceQuality "1"]
[TimeControl "180+2"]

1. d4 {[%emt 0:00:00]} g6 {[%emt 0:00:00]} 2. Nf3 {[%emt 0:00:02]} Bg7 {[%emt 0:00:00]} 3. c3 {[%emt 0:00:01]} d6 {[%emt 0:00:04]} 4. Bg5 {[%emt 0:00:03]} f5 {[%emt 0:00:06]} 5. Nbd2 {[%emt 0:00:03]} Nf6 {[%emt 0:00:07]} 6. e3 {[%emt 0:00:04]} O-O {[%emt 0:00:08]} 7. Bc4+ {[%emt 0:00:05]} e6 {[%emt 0:00:03]} 8. e4 {[%emt 0:00:23]} h6 {[%emt 0:00:25]} 9. Bxf6 {[%emt 0:00:02]} Qxf6 {[%emt 0:00:10]} 10. Qe2 {[%emt 0:00:05]} Kh8 {[%emt 0:00:15]} 11. e5 {[%emt 0:00:52]} Qf7 {[%emt 0:00:01]} 12. h4 {[%emt 0:00:07]} d5 {[%emt 0:00:26]} 13. Bd3 {[%emt 0:00:02]} Qe7 {[%emt 0:00:06]} 14. g3 {[%emt 0:00:29]} c5 {[%emt 0:00:02]} 15. dxc5 {[%emt 0:00:03]} Nd7 {[%emt 0:00:15]} 16. b4 {[%emt 0:00:07]} a5 {[%emt 0:00:03]} 17. a3 {[%emt 0:00:04]} Nb8 {[%emt 0:00:34]} 18. Nd4 {[%emt 0:00:04]} Nc6 {[%emt 0:00:21]} 19. Nxc6 {[%emt 0:00:02]} bxc6 {[%emt 0:00:00]} 20. f4 {[%emt 0:00:02]} d4 {[%emt 0:00:09]} 21. cxd4 {[%emt 0:00:06]} axb4 {[%emt 0:00:01]} 22. a4 {[%emt 0:00:04]} Qd7 {[%emt 0:00:09]} 23. Nf3 {[%emt 0:00:14]} Rd8 {[%emt 0:00:07]} 24. Kf2 {[%emt 0:00:04]} Bf8 {[%emt 0:00:09]} 25. Bc4 {[%emt 0:00:02]} h5 {[%emt 0:00:04]} 26. Rhb1 {[%emt 0:00:02]} Rb8 {[%emt 0:00:02]} 27. a5 {[%emt 0:00:01]} Qa7 {[%emt 0:00:02]} 28. a6 {[%emt 0:00:02]} Rd7 {[%emt 0:00:04]} 29. Kg2 {[%emt 0:00:06]} Rd8 {[%emt 0:00:02]} 30. Ra4 {[%emt 0:00:03]} b3 {[%emt 0:00:01]} 31. Rxb3 {[%emt 0:00:03]} Rxb3 {[%emt 0:00:01]} 32. Bxb3 {[%emt 0:00:01]} Bd7 {[%emt 0:00:01]} 33. Qa2 {[%emt 0:00:08]} Rb8 {[%emt 0:00:02]} 34. Bxe6 {[%emt 0:00:04]} Bxe6 {[%emt 0:00:04]} 35. Qxe6 {[%emt 0:00:02]} Rb2+ {[%emt 0:00:01]} 36. Kh3 {[%emt 0:00:00]} 1-0

[Event "RUS-ch Men Blitz 2019"]
[Site "Sochi"]
[Date "2019.10.17"]
[Round "6.8"]
[White "Sadovsky, Artem"]
[Black "Yudin, Sergei"]
[Result "0-1"]
[WhiteElo "2411"]
[BlackElo "2497"]
[Annotator "TA"]
[PlyCount "82"]
[EventDate "2019.10.17"]
[EventType "swiss"]
[EventCountry "RUS"]
[SourceTitle "playchess.com"]
[Source "ChessBase"]
[SourceQuality "1"]

{[%evp 9,82,12,4,5,21,7,13,11,12,12,22,18,22,0,0,-29,-29,-10,-14,-24,-17,-12,-22,-67,-71,-75,0,0,0,-12,-20,-19,-14,-17,-16,-33,-16,-20,-16,-20,-20,-20,-21,-20,0,-14,0,-602,-583,-827,-812,-1160,-1116,-1308,-1309,-1300,-1267,-1377,-1377,-1874,-1834,-3122,-2833,-3167,-2456,-3533,-4917,-29987,-4909,-2929,-2027,-29991,-29992,-29992,-29993]} 1. c4 e6 2. Nf3 d5 3. g3 dxc4 4. Qa4+ c6 (4... Bd7 5. Qxc4 c5 6. Bg2 Bc6 7. b3 Be7 8. Bb2 Nf6 9. O-O O-O 10. d3 Nbd7 11. Nbd2 Rc8 12. e4 Ng4 13. h3 Bf6 {1-0 (56) Maghsoodloo,P (2673)-Naiditsch,A (2710) Astana 2019}) 5. Qxc4 b5 6. Qc2 {A13: English Opening: 1...e6} Bb7 7. a4 Nd7 8. Bg2 {The position is equal.} Ngf6 9. O-O a6 10. d3 Be7 11. Nbd2 c5 $146 ({Predecessor:} 11... O-O 12. Nb3 c5 13. Bd2 Rc8 14. axb5 {½-½ (14) Mohr,G (2495)-Dizdar,G (2535) Makarska Tucepi 1995}) 12. b3 O-O 13. Bb2 Nd5 14. Ne4 Rc8 15. axb5 axb5 16. Ne5 Nxe5 17. Bxe5 {[#]} Qb6 ({Black should try} 17... f6 $1 $17 {White must now prevent ...Nb4.} 18. Bb2 f5) 18. Qd2 $11 Ra8 19. Rxa8 Rxa8 20. Ra1 Rxa1+ 21. Bxa1 h6 22. Qb2 {[%csl Ga1][%cal Rb2g7] [#]} Bf8 23. Qe5 Qa7 24. Bf3 Bc6 25. h4 Bd7 26. Qb2 b4 27. Qb1 Qa3 28. Nd6 $2 {[%mdl 8192]} (28. Nd2 $11) 28... Bxd6 $19 29. d4 Nc3 30. Qe1 cxd4 31. Kh2 Qxb3 32. Qd2 Qc4 33. Bb2 e5 34. e3 d3 35. Qc1 e4 36. Bh5 Be5 37. Qa1 d2 38. Qa8+ Qc8 (38... Kh7 $142 39. Qb7 Qf1 40. Qxd7 Qxf2+ {[%mdl 64] Double Attack} 41. Kh1 Ne2 42. Bxe2 Qe1+ 43. Kg2 Qxg3+ {[%mdl 64] Double Attack} 44. Kf1 Qe1+ 45. Kg2 Qxe2+ 46. Kg1 d1=Q+ 47. Qxd1 Qh2+ {[%mdl 64] Double Attack} 48. Kf1 Bg3 49. Qf3 exf3 50. e4 Qh1#) 39. Qa5 Bg4 40. Bxf7+ Kxf7 41. Qxe5 d1=Q {Accuracy: White = 41%, Black = 79%.} 0-1

[Event "RUS-ch Men Blitz 2019"]
[Site "Sochi"]
[Date "2019.10.17"]
[Round "6.9"]
[White "Kokarev, Dmitry"]
[Black "Ulybin, Mikhail"]
[Result "1-0"]
[WhiteElo "2593"]
[BlackElo "2455"]
[Annotator "RC"]
[PlyCount "107"]
[EventDate "2019.10.17"]
[EventType "swiss"]
[EventCountry "RUS"]
[SourceTitle "playchess.com"]
[Source "ChessBase"]
[SourceQuality "1"]
[TimeControl "180+2"]

1. e4 {[%emt 0:00:00]} e6 {[%emt 0:00:00]} 2. Nc3 {[%emt 0:00:01]} d5 {[%emt 0:00:04]} 3. d4 {[%emt 0:00:01]} Nf6 {[%emt 0:00:03]} 4. Bg5 {[%emt 0:00:02]} Be7 {[%emt 0:00:05]} 5. e5 {[%emt 0:00:01]} Nfd7 {[%emt 0:00:03]} 6. Bxe7 {[%emt 0:00:03]} Qxe7 {[%emt 0:00:03]} 7. f4 {[%emt 0:00:01]} O-O {[%emt 0:00:06]} 8. Qd2 {[%emt 0:00:02]} c5 {[%emt 0:00:06]} 9. Nf3 {[%emt 0:00:02]} Nc6 {[%emt 0:00:03]} 10. g3 {[%emt 0:00:05]} cxd4 {[%emt 0:00:37]} 11. Nxd4 {[%emt 0:00:05]} Nc5 {[%emt 0:00:10]} 12. Bg2 {[%emt 0:00:12]} Bd7 {[%emt 0:00:06]} 13. O-O {[%emt 0:00:08]} Rac8 {[%emt 0:00:35]} 14. Rad1 {[%emt 0:00:28]} a6 {[%emt 0:00:02]} 15. Nce2 {[%emt 0:00:07]} Rfd8 {[%emt 0:00:07]} 16. c3 {[%emt 0:00:06]} Na5 {[%emt 0:00:19]} 17. b3 {[%emt 0:00:12]} b5 {[%emt 0:00:13]} 18. Qe3 {[%emt 0:00:07]} Nc6 {[%emt 0:00:14]} 19. g4 {[%emt 0:00:03]} Ne4 {[%emt 0:00:10]} 20. h3 {[%emt 0:00:17]} Qc5 {[%emt 0:00:07]} 21. Rf3 {[%emt 0:00:19]} b4 {[%emt 0:00:11]} 22. Nxc6 {[%emt 0:00:07]} Rxc6 {[%emt 0:00:03]} 23. Qxc5 {[%emt 0:00:04]} Rxc5 {[%emt 0:00:02]} 24. cxb4 {[%emt 0:00:18]} Rc2 {[%emt 0:00:02]} 25. Nd4 {[%emt 0:00:05]} Rxa2 {[%emt 0:00:02]} 26. Rc1 {[%emt 0:00:03]} g6 {[%emt 0:00:06]} 27. Re3 {[%emt 0:00:05]} Bb5 {[%emt 0:00:04]} 28. Rc7 {[%emt 0:00:05]} Rd2 {[%emt 0:00:02]} 29. Nf3 {[%emt 0:00:06]} Rb2 {[%emt 0:00:03]} 30. h4 {[%emt 0:00:10]} h6 {[%emt 0:00:02]} 31. h5 {[%emt 0:00:08]} gxh5 {[%emt 0:00:03]} 32. gxh5 {[%emt 0:00:01]} Kf8 {[%emt 0:00:04]} 33. f5 {[%emt 0:00:01]} exf5 {[%emt 0:00:02]} 34. Nd4 {[%emt 0:00:01]} Bd7 {[%emt 0:00:02]} 35. Bh3 {[%emt 0:00:09]} Be6 {[%emt 0:00:04]} 36. Bxf5 {[%emt 0:00:03]} Rb1+ {[%emt 0:00:02]} 37. Kg2 {[%emt 0:00:02]} Rb2+ {[%emt 0:00:01]} 38. Kh3 {[%emt 0:00:02]} Ng5+ {[%emt 0:00:02]} 39. Kh4 {[%emt 0:00:03]} Rh2+ {[%emt 0:00:03]} 40. Kg3 {[%emt 0:00:01]} Rxh5 {[%emt 0:00:02]} 41. Rec3 {[%emt 0:00:08]} Bxf5 {[%emt 0:00:03]} 42. Nxf5 {[%emt 0:00:01]} Rh3+ {[%emt 0:00:01]} 43. Kg4 {[%emt 0:00:01]} Rxc3 {[%emt 0:00:02]} 44. Rxc3 {[%emt 0:00:01]} Re8 {[%emt 0:00:01]} 45. Rc6 {[%emt 0:00:02]} Rxe5 {[%emt 0:00:02]} 46. Rxh6 {[%emt 0:00:01]} f6 {[%emt 0:00:03]} 47. Rxf6+ {[%emt 0:00:02]} Nf7 {[%emt 0:00:01]} 48. Rxa6 {[%emt 0:00:03]} Ke8 {[%emt 0:00:03]} 49. Ra7 {[%emt 0:00:03]} Nd8 {[%emt 0:00:03]} 50. b5 {[%emt 0:00:02]} Re4+ {[%emt 0:00:02]} 51. Kg5 {[%emt 0:00:02]} Nf7+ {[%emt 0:00:02]} 52. Kf6 {[%emt 0:00:01]} Ne5 {[%emt 0:00:03]} 53. Re7+ {[%emt 0:00:02]} Kd8 {[%emt 0:00:01]} 54. Rxe5 {[%emt 0:00:01]} 1-0

[Event "RUS-ch Men Blitz 2019"]
[Site "Sochi"]
[Date "2019.10.17"]
[Round "6.10"]
[White "Belyakov, Bogdan"]
[Black "Golubov, Saveliy"]
[Result "0-1"]
[WhiteElo "2495"]
[BlackElo "2469"]
[Annotator "TA"]
[PlyCount "142"]
[EventDate "2019.10.17"]
[EventType "swiss"]
[EventCountry "RUS"]
[SourceTitle "playchess.com"]
[Source "ChessBase"]
[SourceQuality "1"]

{[%evp 11,142,31,53,24,28,17,33,31,26,16,23,16,106,95,98,36,42,34,41,0,33,20,80,27,37,37,37,34,37,35,46,42,115,50,129,74,55,0,63,-24,-29,-26,-3,-8,0,0,0,0,0,0,0,0,6,6,0,15,12,6,1,4,6,0,0,0,0,0,0,-431,-426,-527,-516,-641,-556,-608,-549,-499,-426,-704,-608,-485,0,-713,0,-504,-470,-709,-699,-684,-654,-840,-577,-12839,-12839,-12841,-12841,-12846,-12847,-12848,-12846,-12847,-12847,-12847,-12847,-12848,-12848,-12850,-12850,-12850,-12851,-12851,-27999,-12851,-29988,-12851,-29986,-12851,-29986,-12851,-27999,-12851,-27999,-12851,-29984,-12851,-29985,-12851,-29989,-12851,-29987,-12851,-29988,-12851,-27999]} 1. e4 g6 2. d4 Bg7 3. Nf3 d6 4. Bd3 Nf6 5. O-O O-O 6. h3 Nc6 7. Bg5 {B07: Pirc Defence: Miscellaneous Systems} (7. c3 e5 8. Re1 h6 9. Nbd2 Nh5 10. dxe5 Nxe5 11. Nxe5 Bxe5 12. Nf3 Bg7 13. Be3 b6 14. Qd2 Kh7 15. Rad1 Bb7 16. Qc2 Qe7 {1-0 (38) Amonatov,F (2636)-Petrosian,T (2601) Riadh 2017}) 7... Nb4 8. Nc3 Nxd3 9. Qxd3 {White is slightly better.} h6 10. Be3 $146 ({Predecessor:} 10. Bf4 b6 11. Rad1 Bb7 12. Rfe1 e6 13. b3 Qe7 14. Bh2 Rad8 {½-½ (31) Pansier,P (2407)-Ludgate,A (2502) ICCF email 2003}) 10... c6 11. a4 e5 (11... a5 $11) 12. dxe5 $16 dxe5 13. Qxd8 (13. Nxe5 $16 Be6 14. Bd4) 13... Rxd8 $14 14. Rfd1 Re8 15. Rd6 Nd7 16. Rad1 $36 {[%mdl 2048] White fights for an advantage.} Nb6 (16... Nf8 $11 {keeps the balance.}) 17. Rd8 (17. b3 $16) 17... Be6 $11 18. Rxe8+ Rxe8 19. b3 Nc8 20. a5 f5 21. Na4 f4 {[#]} (21... Kf7 $14) 22. Bc5 (22. Bc1 $1 $16) 22... Kf7 (22... g5 $1 $14) 23. Kf1 ({Better is} 23. Ba3) 23... g5 $16 24. Ke2 ({White should try} 24. Rd3 $14) 24... Bf6 (24... g4 $11 25. hxg4 Bxg4) 25. Bd6 (25. Ne1 $14) 25... Nxd6 $11 26. Rxd6 Ke7 27. Rd1 h5 28. Nc5 Bc8 29. Nd3 Kf7 30. Nb4 g4 31. hxg4 hxg4 32. Nd2 Be7 33. Nd3 Bd6 34. Nc4 Bc7 35. Rh1 {[#] Black must now prevent Rh7+.} Kg6 36. g3 b5 37. axb6 $1 axb6 38. Ra1 b5 39. Ra7 $2 {[%mdl 8192]} (39. Na5 $11 {and White is okay.}) 39... bxc4 $19 40. Rxc7 cxd3+ 41. cxd3 {[%mdl 4096] Endgame KRB-KR} Be6 42. Rxc6 Kf6 43. gxf4 exf4 44. d4 (44. Rb6 $142 Rd8 45. Ra6) 44... Kf7 45. Rc7+ Kf6 (45... Kg6 $142 46. Rc6 Kg5 47. Rc5+ Kh4) 46. Rc6 {intending d5.} Kf7 47. Rc7+ Kg6 48. Rc6 (48. Kd3 $142 g3 49. Rc1 gxf2 50. Rf1) 48... Kg5 49. Rc5+ Kh4 50. d5 Bf7 51. f3 Kg3 52. Rc3 Bxd5 53. fxg4+ Kxg4 54. Kf2 Bxe4 55. Rc7 Rb8 56. Rg7+ Kf5 57. Rf7+ Kg5 58. Rg7+ Bg6 59. Rc7 Rxb3 60. Rg7 Kf5 61. Rg8 Rb2+ 62. Kf1 Bh5 63. Ke1 Ke4 64. Ra8 Rb1+ 65. Kf2 Rb2+ 66. Ke1 Kf3 67. Ra3+ Kg4 68. Kf1 Bg6 69. Kg1 Re2 70. Ra8 Be4 71. Kf1 Bxa8 {Accuracy: White = 34%, Black = 50%.} 0-1

[Event "RUS-ch Men Blitz 2019"]
[Site "Sochi"]
[Date "2019.10.17"]
[Round "6.11"]
[White "Nozdrachev, Vladislav"]
[Black "Glek, Igor"]
[Result "1-0"]
[WhiteElo "2494"]
[BlackElo "2467"]
[Annotator "ChessBase"]
[PlyCount "85"]
[EventDate "2019.10.17"]
[EventType "swiss"]
[EventCountry "RUS"]
[SourceTitle "playchess.com"]
[Source "ChessBase"]
[SourceQuality "1"]
[TimeControl "180+2"]

1. e4 {[%emt 0:00:00]} c5 {[%emt 0:00:00]} 2. Nf3 {[%emt 0:00:02]} Nc6 {[%emt 0:00:00]} 3. Bb5 {[%emt 0:00:00]} e6 {[%emt 0:00:02]} 4. Bxc6 {[%emt 0:00:02]} bxc6 {[%emt 0:00:01]} 5. d3 {[%emt 0:00:02]} d6 {[%emt 0:00:11]} 6. e5 {[%emt 0:00:03]} Ne7 {[%emt 0:00:01]} 7. exd6 {[%emt 0:00:03]} Nf5 {[%emt 0:00:01]} 8. Nbd2 {[%emt 0:00:05]} Bxd6 {[%emt 0:00:12]} 9. O-O {[%emt 0:00:05]} O-O {[%emt 0:00:02]} 10. b3 {[%emt 0:00:01]} e5 {[%emt 0:00:02]} 11. Ne4 {[%emt 0:00:09]} Nd4 {[%emt 0:00:03]} 12. c3 {[%emt 0:00:12]} Nxf3+ {[%emt 0:00:11]} 13. Qxf3 {[%emt 0:00:02]} f5 {[%emt 0:00:20]} 14. Nxd6 {[%emt 0:00:07]} Qxd6 {[%emt 0:00:01]} 15. Ba3 {[%emt 0:00:01]} Ba6 {[%emt 0:00:29]} 16. c4 {[%emt 0:00:09]} Rad8 {[%emt 0:00:07]} 17. Qe3 {[%emt 0:00:03]} f4 {[%emt 0:00:16]} 18. Qxc5 {[%emt 0:00:05]} Qxc5 {[%emt 0:00:01]} 19. Bxc5 Rf7 20. Rfe1 {[%emt 0:00:12]} Rxd3 {[%emt 0:00:15]} 21. Rxe5 {[%emt 0:00:01]} h6 {[%emt 0:00:01]} 22. Re6 {[%emt 0:00:25]} Rfd7 {[%emt 0:00:06]} 23. h4 {[%emt 0:00:13]} Rd1+ {[%emt 0:00:19]} 24. Rxd1 {[%emt 0:00:01]} Rxd1+ {[%emt 0:00:01]} 25. Kh2 {[%emt 0:00:01]} Ra1 {[%emt 0:00:09]} 26. a4 {[%emt 0:00:09]} Rb1 {[%emt 0:00:02]} 27. Rxc6 {[%emt 0:00:17]} Bb7 {[%emt 0:00:01]} 28. Rc7 {[%emt 0:00:01]} Rxb3 {[%emt 0:00:02]} 29. Bd4 {[%emt 0:00:06]} g5 {[%emt 0:00:13]} 30. hxg5 {[%emt 0:00:01]} hxg5 {[%emt 0:00:00]} 31. Rg7+ {[%emt 0:00:01]} Kf8 {[%emt 0:00:03]} 32. Rxg5 {[%emt 0:00:02]} Ke7 {[%emt 0:00:01]} 33. Bxa7 {[%emt 0:00:04]} f3 {[%emt 0:00:01]} 34. g4 {[%emt 0:00:02]} Kf6 {[%emt 0:00:07]} 35. Rf5+ {[%emt 0:00:01]} Ke6 {[%emt 0:00:01]} 36. Kg3 {[%emt 0:00:06]} Bc6 {[%emt 0:00:06]} 37. a5 {[%emt 0:00:01]} Rc3 {[%emt 0:00:06]} 38. Rf6+ {[%emt 0:00:17]} Kd7 {[%emt 0:00:03]} 39. c5 {[%emt 0:00:06]} Be4 {[%emt 0:00:03]} 40. a6 {[%emt 0:00:05]} Ra3 {[%emt 0:00:01]} 41. Rd6+ {[%emt 0:00:03]} Ke7 {[%emt 0:00:01]} 42. Bb6 {[%emt 0:00:00]} Kf7 {[%emt 0:00:05]} 43. a7 {[%emt 0:00:01]} 1-0

[Event "RUS-ch Men Blitz 2019"]
[Site "Sochi"]
[Date "2019.10.17"]
[Round "6.12"]
[White "Ozgibcev, Anatoly"]
[Black "Khismatullin, Denis"]
[Result "0-1"]
[WhiteElo "2367"]
[BlackElo "2611"]
[Annotator "TA"]
[PlyCount "44"]
[EventDate "2019.10.17"]
[EventType "swiss"]
[EventCountry "RUS"]
[SourceTitle "playchess.com"]
[Source "ChessBase"]
[SourceQuality "1"]

{[%evp 14,44,27,29,50,36,52,37,39,0,2,7,2,3,8,0,6,15,8,-17,-41,-80,-77,-151,-147,-145,-142,-250,-183,-185,-179,-364,-391]} 1. e4 d6 2. d4 Nf6 3. Nc3 Nbd7 4. Nf3 e5 5. Bc4 Be7 6. O-O O-O 7. Re1 c6 8. a4 exd4 {C41: Philidor Defence} (8... h6 9. h3 Re8 10. dxe5 Nxe5 11. Nxe5 dxe5 12. Qf3 Bb4 13. Rd1 Qe7 14. Ne2 Be6 15. Bxe6 Qxe6 16. Ng3 Bc5 17. Be3 Bxe3 18. Qxe3 {½-½ (68) Dominguez Perez,L (2752)-Rapport,R (2739) Hengshui 2019}) 9. Nxd4 Ne5 10. Be2 Re8 {White is slightly better.} 11. Nf3 Ng6 12. Bc4 $146 ({Predecessor:} 12. Bf1 Bf8 13. g3 h6 14. Bg2 Bg4 15. h3 Bd7 16. a5 {½-½ (15) Lalic,S (2335)-Lematschko,T (2305) Debrecen 1992}) 12... Qc7 13. h3 Bd7 14. Ba2 h6 15. Qd3 Bf8 16. a5 b5 {[%cal Bb7b5,Bb5b4][%mdl 32]} 17. a6 b4 18. Na4 ({Better is} 18. e5 Nxe5 19. Nxe5 dxe5 20. Ne4) 18... c5 $17 19. Bb3 Bc6 {[%cal Re8e4]} 20. e5 (20. Bd5 $17) 20... Nxe5 21. Nxe5 dxe5 22. Qe3 $2 {[#]} (22. Qf1 {was worth a try.}) 22... c4 $1 {[%mdl 512] Accuracy: White = 32%, Black = 75%.} 0-1